000
00245nam a22001097a 4500
082
_a
004.0151 LOS'M
100
_a
LOSKUTOV, V
_9
79775
245
_a
MATHEMATICAL CONTROL MACHINES
260
_a
MOSCOW
_b
PEACE
_c
1960
300
_a
413P
942
_c
BK
999
_c
584771
_d
584771